<?xml version="1.0" encoding="UTF-8"?>
<record
    xmlns:xsi="http://www.w3.org/2001/XMLSchema-instance"
    xsi:schemaLocation="http://www.loc.gov/MARC21/slim http://www.loc.gov/standards/marcxml/schema/MARC21slim.xsd"
    xmlns="http://www.loc.gov/MARC21/slim">

  <leader>03114nam a2200385 i 4500</leader>
  <controlfield tag="001">18230</controlfield>
  <controlfield tag="003">ES-MaACL</controlfield>
  <controlfield tag="005">20250825062716.0</controlfield>
  <controlfield tag="007">t|</controlfield>
  <controlfield tag="008">010813s1999    sp           ||||0| spa j</controlfield>
  <datafield tag="017" ind1=" " ind2=" ">
    <subfield code="a">M 48751-1999</subfield>
  </datafield>
  <datafield tag="020" ind1=" " ind2=" ">
    <subfield code="a">8481913219</subfield>
  </datafield>
  <datafield tag="040" ind1=" " ind2=" ">
    <subfield code="a">M-BN </subfield>
    <subfield code="b">spa </subfield>
    <subfield code="c">M-BN</subfield>
  </datafield>
  <datafield tag="080" ind1=" " ind2=" ">
    <subfield code="a">929 R&#xED;os Urruti, Fernando de los</subfield>
  </datafield>
  <datafield tag="100" ind1="1" ind2=" ">
    <subfield code="a">Zapatero, Virgilio.</subfield>
    <subfield code="9">118009</subfield>
  </datafield>
  <datafield tag="245" ind1="1" ind2="0">
    <subfield code="a">Fernando de los R&#xED;os </subfield>
    <subfield code="b">: biograf&#xED;a intelectual / </subfield>
    <subfield code="c">Virgilio Zapatero.</subfield>
  </datafield>
  <datafield tag="250" ind1=" " ind2=" ">
    <subfield code="a">1&#xAA; ed.</subfield>
  </datafield>
  <datafield tag="260" ind1=" " ind2=" ">
    <subfield code="a">Valencia : </subfield>
    <subfield code="b">Pre-Textos ; </subfield>
    <subfield code="a">Granada : </subfield>
    <subfield code="b">Diputaci&#xF3;n de Granada,</subfield>
    <subfield code="c">1999.</subfield>
  </datafield>
  <datafield tag="300" ind1=" " ind2=" ">
    <subfield code="a">514 p. : </subfield>
    <subfield code="b">il. ; </subfield>
    <subfield code="c">25 cm.</subfield>
  </datafield>
  <datafield tag="490" ind1="1" ind2=" ">
    <subfield code="a">Pre-textos ; </subfield>
    <subfield code="v">458</subfield>
  </datafield>
  <datafield tag="500" ind1=" " ind2=" ">
    <subfield code="a">&#x201C;Es esta una biograf&#xED;a de Fernando de los R&#xED;os. Tal vez alg&#xFA;n lector que se haya animado a abrir esta primera p&#xE1;gina se pregunte qui&#xE9;n fue Fernando de los R&#xED;os. Es lo mismo que hace ya caso treinta a&#xF1;os pregunt&#xE9; yo a El&#xED;as D&#xED;az cuando me aconsej&#xF3; hacer mi tesis doctoral sobre el pensamiento de aqu&#xE9;l.

La tr&#xE1;gica historia de Espa&#xF1;a, con su guerra civil y la posterior dictadura, explica en buena parte el porqu&#xE9; de la pregunta. Y este trabajo es un intento de dar una respuesta que ayude a llenar esta laguna en nuestra memoria colectiva. Se trata de una biograf&#xED;a fundamentalmente intelectual, porque eso es lo que fundamentalmente fue el personaje. Hab&#xED;a nacido, dice Francisco Ayala, para ser, y lo fue, b&#xE1;sicamente un intelectual: profesor de la Universidad de Granada, de la Central de Madrid, de la que fue rector, de la New School, profesor visitante y lector en las universidades de Londres, Cambridge, Oxford, Sorbona, Columbia, California, La Habana, Puerto Rico, M&#xE9;xico, Michoac&#xE1;n, Panam&#xE1;, Bogot&#xE1;, Quito, Cuzco, La Paz, Sucre, Santiago de Chile, Montevideo o Caracas. La misma relaci&#xF3;n de universidades en las que ense&#xF1;&#xF3; pone de relieve ese esp&#xED;ritu viajero, inquieto, curioso que caracteriz&#xF3; a los hombres de su generaci&#xF3;n y que, en este caso, hizo de este espa&#xF1;ol un buen europeo y un mejor ciudadano del mundo. Pero tambi&#xE9;n es la biograf&#xED;a de un pol&#xED;tico; uno de los padres de la Rep&#xFA;blica en cuyos Gobiernos desempe&#xF1;&#xF3; las carteras de Justicia, Instrucci&#xF3;n P&#xFA;blica y Estado a la que sirvi&#xF3; m&#xE1;s tarde como Embajador en EE.UU. ante la administraci&#xF3;n Roosevelt y como ministro del Gobierno en el exilio&#x2026;&#x201D;.
Virgilio Zapatero.</subfield>
  </datafield>
  <datafield tag="504" ind1=" " ind2=" ">
    <subfield code="a">Bibliograf&#xED;a: p. 489-504.</subfield>
  </datafield>
  <datafield tag="600" ind1="1" ind2="4">
    <subfield code="a">R&#xED;os, Fernando de los,</subfield>
    <subfield code="d">1879-1949</subfield>
    <subfield code="9">97398</subfield>
  </datafield>
  <datafield tag="655" ind1=" " ind2="0">
    <subfield code="a">Biograf&#xED;as</subfield>
    <subfield code="9">176647</subfield>
  </datafield>
  <datafield tag="710" ind1="1" ind2=" ">
    <subfield code="a">Granada (Provincia). </subfield>
    <subfield code="b">Diputaci&#xF3;n Provincial.</subfield>
    <subfield code="9">4488</subfield>
  </datafield>
  <datafield tag="830" ind1="0" ind2=" ">
    <subfield code="a">Pre-textos ; </subfield>
    <subfield code="v">458</subfield>
    <subfield code="9">178641</subfield>
  </datafield>
  <datafield tag="852" ind1=" " ind2=" ">
    <subfield code="a">ES-MaACL</subfield>
    <subfield code="j">L-24903/Ej.1</subfield>
    <subfield code="b">R.129985</subfield>
    <subfield code="9">18786</subfield>
    <subfield code="c">DEPO2</subfield>
  </datafield>
  <datafield tag="852" ind1=" " ind2=" ">
    <subfield code="a">ES-MaACL</subfield>
    <subfield code="j">N-9639</subfield>
    <subfield code="b">R.154880</subfield>
    <subfield code="c">DEPOJ</subfield>
    <subfield code="h">Donaci&#xF3;n: Virgilio Zapatero</subfield>
    <subfield code="9">200986</subfield>
    <subfield code="x">Encuadernaci&#xF3;n r&#xFA;stica con solapas (incluye faja)</subfield>
    <subfield code="g">Dedicatoria aut&#xF3;grafa del autor</subfield>
  </datafield>
  <datafield tag="903" ind1=" " ind2=" ">
    <subfield code="9">118009</subfield>
    <subfield code="a">Zapatero, Virgilio</subfield>
    <subfield code="e">dnr</subfield>
  </datafield>
  <datafield tag="942" ind1=" " ind2=" ">
    <subfield code="2">udc</subfield>
    <subfield code="c">MONOGRAFIA</subfield>
  </datafield>
  <datafield tag="999" ind1=" " ind2=" ">
    <subfield code="c">18230</subfield>
    <subfield code="d">18230</subfield>
  </datafield>
  <datafield tag="952" ind1=" " ind2=" ">
    <subfield code="0">0</subfield>
    <subfield code="1">0</subfield>
    <subfield code="2">udc</subfield>
    <subfield code="4">0</subfield>
    <subfield code="7">0</subfield>
    <subfield code="8">Librosdedicados</subfield>
    <subfield code="a">ATENEOM</subfield>
    <subfield code="b">ATENEOM</subfield>
    <subfield code="c">DEPOJ</subfield>
    <subfield code="d">2023-11-29</subfield>
    <subfield code="e">DONACION</subfield>
    <subfield code="l">0</subfield>
    <subfield code="o">N-9639</subfield>
    <subfield code="p">101206266</subfield>
    <subfield code="r">2024-01-03 00:00:00</subfield>
    <subfield code="w">2024-01-03</subfield>
    <subfield code="y">MONOGRAFIA</subfield>
    <subfield code="z">Dedicatoria aut&#xF3;grafa del autor</subfield>
  </datafield>
</record>
